000 00819nam a2200205 i 4500
001 163462
003 ES-MaACL
005 20230906212738.0
008 021119s1900 sp |||| | spa d
080 _a617
100 1 _aRibera y Sans, José,
_d1852-1912
_9131774
245 1 0 _aElementos de patología quirúrgica general :
_blecciones dadas en la Facultad de Medicina de Madrid /
_cpor el doctor D. José Ribera y Sans.
260 _aMadrid :
_bImp. y Librería de Nicolás Moya,
_c1900.
300 _a2 v. (VI, 719 ; 904 p.) ;
_c24 cm.
530 _aDisponible en formato digital.
650 4 _aPatología quirúrgica.
_9136666
852 _aES-MaACL
_jB-11181-82
_z- Enc. hol.
856 _uhttp://bdh-rd.bne.es/viewer.vm?id=0000134139&page=1
_zBiblioteca Digital Hispánica
999 _c163462
_d163462